New interchange: english for international communication: studentïs look 1
Guardat en:
| Autors principals: | , , |
|---|---|
| Format: | Llibre |
| Idioma: | anglès |
| Publicat: |
Cambridge
Cambridge University Press
1997
|
| Edició: | 1a. ed |
| Matèries: | |
| Etiquetes: |
Afegir etiqueta
Sense etiquetes, Sigues el primer a etiquetar aquest registre!
|
MARC
| LEADER | 00000nam a2200000 a 4500 | ||
|---|---|---|---|
| 001 | UCI6248 | ||
| 003 | CL-VaPUC | ||
| 008 | 080425e19970000US |||||||||||||||||eng|d | ||
| 020 | |a 0521628814 | ||
| 082 | 0 | 4 | |a 428.6 |b RIC |2 21 |
| 100 | 0 | |a Richards, Jack C |e author |9 528986 | |
| 700 | 0 | |a Hull, Jonathan |e author |9 528987 | |
| 700 | 0 | |a Proctor, Susan |e author |9 528988 | |
| 245 | 1 | 0 | |a New interchange: english for international communication: studentïs look 1 |
| 250 | |a 1a. ed | ||
| 300 | |a 105 p | ||
| 942 | |c BK | ||
| 945 | |d 20080425 00:00:00 |a jtorresc | ||
| 260 | |a Cambridge |b Cambridge University Press |c 1997 | ||
| 650 | 0 | |a Enseñanza del inglés |9 367340 | |
| 650 | 0 | |a Libros de texto |9 270019 | |
| 650 | 0 | |a Estudio y enseñanza |9 270395 | |
| 583 | |a last modification |c 20080425 00:00:00 |k Rodrigo Vera | ||
| 999 | |c 329776 |d 329774 | ||